| 000 | 07078cam a22014654i 4500 | ||
|---|---|---|---|
| 003 | PE-LiUPU | ||
| 005 | 20250813185521.0 | ||
| 008 | 150625s r 000 0 d | ||
| 020 | _a9972462730 | ||
| 035 | _a(Sirsi) i9789972462733 | ||
| 040 |
_aPE-LiUPU _bspa _cPE-LiUPU _erda |
||
| 049 | _aPRUA | ||
| 082 | 0 | 4 |
_a378.1012 _bL31 _221 |
| 100 | 1 |
_aLay, Stephen, _eautor. |
|
| 245 | 1 | 3 |
_aLa interpretación de la Carta Magna universitaria y sus principios / _cStephen Lay. |
| 264 | 1 |
_aLima : _bAsamblea Nacional de Rectores, Universidad Nacional Mayor de San Marcos, Comisión de Coordinación de Reforma Universitaria, _c2005. |
|
| 300 |
_a149 páginas ; _c20 centímetros |
||
| 336 |
_atext _2rdacontent |
||
| 337 |
_aunmediated _2rdamedia |
||
| 338 |
_avolume _2rdacarrier |
||
| 500 | _a"Premio Carmine A. Romanzi". | ||
| 504 | _aBibliografía: p. 145-149. | ||
| 505 | 0 | _aLa interpretación de la Carta Magna Universitaria y sus principios -- Antecedentes -- El contexto histórico de los principios de la Carta Magna -- Del mundo clásico al medieval: la búsqueda de la autonomía institucional -- La universidad en el mundo moderno: estancamiento, reforma y el surgimiento de lo académico -- Una multiplicidad de formas: la universidad en el siglo XX -- El reto del presente: los principios de la Carta magna desde 1988 -- ¿Qué enseñar y a quienes? La función de la universidad según la define la Carta Magna -- La autonomía universitaria en eun mundo invasivo -- El eslabón perdido: la investigación y la docencia en la universidad actual. Una vida académica supranacional: ¿Internacionalismo o globalización? -- El futuro incierto: una (re)interpretación de la Carta Magna universitaria -- La proyección de la razón sobre la sociedad: ¿Una tarea para la Carta Magna?. | |
| 526 | _aP202 | ||
| 526 | _aP201 | ||
| 526 | _aP163 | ||
| 526 | _aP162 | ||
| 526 | _aP161 | ||
| 526 | _aP160 | ||
| 526 | _aP148 | ||
| 526 | _aP147 | ||
| 526 | _aP146 | ||
| 526 | _aP145 | ||
| 526 | _aP144 | ||
| 526 | _aP143 | ||
| 526 | _aP142 | ||
| 526 | _aP141 | ||
| 526 | _aP140 | ||
| 526 | _aP139 | ||
| 526 | _aP138 | ||
| 526 | _aP137 | ||
| 526 | _aP136 | ||
| 526 | _aP135 | ||
| 526 | _aP134 | ||
| 526 | _aP133 | ||
| 526 | _aP129 | ||
| 526 | _aP128 | ||
| 526 | _aP127 | ||
| 526 | _aP120 | ||
| 526 | _aP119 | ||
| 526 | _aP118 | ||
| 526 | _aP116 | ||
| 526 | _aP115 | ||
| 526 | _aP114 | ||
| 526 | _aP110 | ||
| 526 | _aP109 | ||
| 526 | _aP108 | ||
| 526 | _aP104 | ||
| 526 | _aP103 | ||
| 526 | _aP102 | ||
| 526 | _aP99 | ||
| 526 | _aP98 | ||
| 526 | _aP97 | ||
| 526 | _aP96 | ||
| 526 | _aP95 | ||
| 526 | _aP93 | ||
| 526 | _aP90 | ||
| 526 | _aP89 | ||
| 526 | _aP88 | ||
| 526 | _aP83 | ||
| 526 | _aP82 | ||
| 526 | _aP62 | ||
| 526 | _aP59 | ||
| 526 | _aP58 | ||
| 526 | _aP57 | ||
| 526 | _aP51 | ||
| 526 | _aP49 | ||
| 526 | _aP48 | ||
| 526 | _aP47 | ||
| 526 | _aP29 | ||
| 526 | _aP24 | ||
| 526 | _aP20 | ||
| 526 | _aP19 | ||
| 526 | _aP17 | ||
| 526 | _aP15 | ||
| 526 | _aP14 | ||
| 526 | _aP12 | ||
| 526 | _aP10 | ||
| 526 | _aP09 | ||
| 526 | _aP08 | ||
| 526 | _aP07 | ||
| 526 | _aP06 | ||
| 526 | _aP05 | ||
| 526 | _aP04 | ||
| 526 | _aP01 | ||
| 650 | 0 | 4 |
_aEducación superior _xAspectos Legales. |
| 650 | 0 | 4 |
_aUniversidades _vEstatutos, reglamentos, etc. |
| 942 |
_2ddc _cBOOK |
||
| 949 |
_a378.1012 L31 _wDEWEY _c1 _i56890 _lCCODEBUL1 _mBUL _r0 _sY _tBOOK _u2015-6-25 _xEDUCACION _zUNKNOWN _0COMPRA _o.STAFF. Colección General |
||
| 949 |
_a378.1012 L31 _wDEWEY _c2 _i57004 _lCCODEBUL1 _mBUL _r0 _sY _tBOOK _u2015-6-25 _xEDUCACION _zUNKNOWN _0COMPRA _o.STAFF. Colección General |
||
| 949 |
_a378.1012 L31 _wDEWEY _c3 _i57011 _lCCODEBUL1 _mBUL _r0 _sY _tBOOK _u2015-6-25 _xEDUCACION _zUNKNOWN _0COMPRA _o.STAFF. Colección General |
||
| 949 |
_a378.1012 L31 2005 _wDEWEY _c1 _iFJ05277 _lCCODEBUJ1 _mBUJ _p10.00 _r0 _sY _tBOOK _u2016-07-08 _xEDUCACIÓN _PP14 _o.STAFF -- Colección General Juliaca |
||
| 949 |
_a378.1012 L31 2005 _wDEWEY _c2 _iFJ05278 _lCCODEBUJ1 _mBUJ _p10.00 _r0 _sY _tBOOK _u2016-07-08 _xEDUCACIÓN _PP14 _o.STAFF -- Colección General Juliaca |
||
| 949 |
_a378.1012 L31 2005 _wDEWEY _c3 _iFJ05279 _lCCODEBUJ1 _mBUJ _p10.00 _r0 _sY _tBOOK _u2016-07-08 _xEDUCACIÓN _PP14 _o.STAFF -- Colección General Juliaca |
||
| 949 |
_a378.1012 L31 2005 _wDEWEY _c4 _iFJ05280 _lCCODEBUJ1 _mBUJ _p10.00 _r0 _sY _tBOOK _u2016-07-08 _xEDUCACIÓN _PP14 _o.STAFF -- Colección General Juliaca |
||
| 949 |
_a378.1012 L31 2005 _wDEWEY _c5 _iFJ05281 _lCCODEBUJ1 _mBUJ _p10.00 _r0 _sY _tBOOK _u2016-07-08 _xEDUCACIÓN _PP14 _o.STAFF -- Colección General Juliaca |
||
| 949 |
_a378.1012 L31 2005 _wDEWEY _c6 _iFJ05282 _lCCODEBUJ1 _mBUJ _p10.00 _r0 _sY _tBOOK _u2016-07-08 _xEDUCACIÓN _PP14 _o.STAFF -- Colección General Juliaca |
||
| 949 |
_a378.1012 L31 2005 _wDEWEY _c7 _iFJ05283 _lCCODEBUJ1 _mBUJ _p10.00 _r0 _sY _tBOOK _u2016-07-08 _xEDUCACIÓN _PP14 _o.STAFF -- Colección General Juliaca |
||
| 994 |
_aC0 _bPEPRU |
||
| 596 | _a1 3 | ||
| 999 |
_a378.1012 L31 _wDEWEY _c46021 _i56890 _f2021-11-8 _g5 _lCCODEBUL1 _mBUL _r0 _sN _tBOOK _u2015-6-25 _xEDUCACION _zUNKNOWN _0COMPRA _o.STAFF. Colección General _d46021 |
||
| 999 |
_a378.1012 L31 _wDEWEY _c2 _i57004 _f2021-11-8 _g5 _lCCODEBUL1 _mBUL _r0 _sN _tBOOK _u2015-6-25 _xEDUCACION _zUNKNOWN _0COMPRA _o.STAFF. Colección General |
||
| 999 |
_a378.1012 L31 _wDEWEY _c3 _i57011 _f2021-11-8 _g5 _lCCODEBUL1 _mBUL _r0 _sN _tBOOK _u2015-6-25 _xEDUCACION _zUNKNOWN _0COMPRA _o.STAFF. Colección General |
||
| 999 |
_a378.1012 L31 _wDEWEY _c1 _iFJ05277 _f2022-1-18 _g2 _lCCODEBUJ1 _mBUJ _p10.00 _r0 _sY _tBOOK _u2017-1-12 _xBIBLIOTECA _zUNKNOWN _0DONACION _o.STAFF. Colección General Juliaca |
||
| 999 |
_a378.1012 L31 _wDEWEY _c2 _iFJ05278 _f2022-1-18 _g2 _lCCODEBUJ1 _mBUJ _r0 _sY _tBOOK _u2017-1-12 _xBIBLIOTECA _zUNKNOWN _0DONACION _o.STAFF. Colección General Juliaca |
||
| 999 |
_a378.1012 L31 _wDEWEY _c3 _iFJ05279 _f2022-1-18 _g2 _lCCODEBUJ1 _mBUJ _r0 _sY _tBOOK _u2017-1-12 _xBIBLIOTECA _zUNKNOWN _0DONACION _o.STAFF. Colección General Juliaca |
||
| 999 |
_a378.1012 L31 _wDEWEY _c4 _iFJ05280 _f2022-1-18 _g2 _lCCODEBUJ1 _mBUJ _r0 _sY _tBOOK _u2017-1-12 _xBIBLIOTECA _zUNKNOWN _0DONACION _o.STAFF. Colección General Juliaca |
||
| 999 |
_a378.1012 L31 _wDEWEY _c5 _iFJ05281 _f2022-1-18 _g2 _lCCODEBUJ1 _mBUJ _r0 _sY _tBOOK _u2017-1-12 _xBIBLIOTECA _zUNKNOWN _0DONACION _o.STAFF. Colección General Juliaca |
||
| 999 |
_a378.1012 L31 _wDEWEY _c6 _iFJ05282 _f2022-1-18 _g2 _lCCODEBUJ1 _mBUJ _r0 _sY _tBOOK _u2017-1-12 _xBIBLIOTECA _zUNKNOWN _0DONACION _o.STAFF. Colección General Juliaca |
||
| 999 |
_a378.1012 L31 _wDEWEY _c7 _iFJ05283 _f2022-1-18 _g2 _lCCODEBUJ1 _mBUJ _r0 _sY _tBOOK _u2017-1-12 _xBIBLIOTECA _zUNKNOWN _0DONACION _o.STAFF. Colección General Juliaca |
||
| 980 |
_81 _gALBERTO SANCHEZ Responsable de Automatización |
||